Clinically Oriented Anatomy (Record no. 203)

MARC details
000 -LEADER
Fixed length control field 00725nam a2200241Ia 4500
003 - CONTROL NUMBER IDENTIFIER
Control field IIN
005 - DATE AND TIME OF LATEST TRANSACTION
Control field 20240103105900.0
008 - FIXED-LENGTH DATA ELEMENTS--GENERAL INFORMATION
Fixed length control field 231217s9999 xx 000 0 und d
020 ## - INTERNATIONAL STANDARD BOOK NUMBER / ISBN
Price Rs.3699.00
International Standard Book Number 9789387963689
040 ## - CATALOGING SOURCE
Original cataloging agency IIN
Language of cataloging English
082 ## - DEWEY DECIMAL CLASSIFICATION NUMBER
Classification number 611
Book Number MOO
100 1# - MAIN ENTRY--PERSONAL NAME
Personal name Moore, Keith L
245 1# - TITLE STATEMENT
Title Clinically Oriented Anatomy
Statement of responsibility Keith L, Moore. Arthur F.Dalley and Anne M. R. Agur
250 ## - EDITION STATEMENT
Edition statement South Asian Edition
Remainder of edition statement by S Aruna and M Sivakumar
260 ## - IMPRINT
Name of publisher Wolters Kluwer
Place of publication New Delhi
Date of publication 2018
300 ## - PHYSICAL DESCRIPTION
Page / Vol. No xxxiii, 403 p. / V.1
650 1# - SUBJECT ADDED ENTRY--TOPICAL TERM
Topical term Anatomy
Form subdivision Clinically Oriented
700 1# - ADDED ENTRY--PERSONAL NAME
Personal name Dalley, Arthur F
700 1# - ADDED ENTRY--PERSONAL NAME
Personal name Agur, Anne M. R
700 1# - ADDED ENTRY--PERSONAL NAME
Personal name Aruna , S, Ed.
700 1# - ADDED ENTRY--PERSONAL NAME
Personal name Sivakumar, M, Ed.
942 ## - ADDED ENTRY ELEMENTS (KOHA)
Koha item type Books
Holdings
Withdrawn status Lost status Source of classification Damaged status Not for loan Collection code Home library Current library Date acquired Price Total Checkouts Call number Accession number Date last seen Copy number Price effective from Koha item type
    Dewey Decimal Classification       IDEAL INSTITUTE OF NURSING IDEAL INSTITUTE OF NURSING 17/12/2023 3699.00   611 MOO 198 17/12/2023 Vol. 1 17/12/2023 Books
© Ideal Institute Of Nursing, All rights reserved.         Powered by Koha